Top 10 Länder nach Gurkenproduktion - Statistiken

Allgemein
  • Dieses Quiz wurde 51 mal gespielt
  • Das Durchschnittsergebnis liegt bei 7 aus 10
Antwortstatistiken
Platz Anbaumenge in Tonnen Land % Korrekt
8 652.720 Vereinigte Staaten
94%
1 75.597.660 China
90%
3 1.648.639 Russland
80%
10 525.093 Japan
76%
7 745.910 Spanien
73%
5 1.038.999 Mexiko
69%
2 1.890.160 Türkei
63%
4 1.079.960 Ukraine
55%
9 582.135 Kasachstan
41%
6 890.433 Usbekistan
16%
Keine übereinstimmenden Quizze gefunden
Verteilung der Resultate
Anzahl Personen mit jedem Resultat
Perzentil nach korrekt beantworteten Fragen
Ihre Resultats-Entwicklung
Sie haben dieses Quiz noch nicht gespielt